Oral communication / (Record no. 357864)
[ view plain ]
| 000 -LEADER | |
|---|---|
| fixed length control field | 00608nam a2200229Ia 4500 |
| 008 - FIXED-LENGTH DATA ELEMENTS--GENERAL INFORMATION | |
| fixed length control field | 180523s9999 xx 000 0 und d |
| 020 ## - INTERNATIONAL STANDARD BOOK NUMBER | |
| International Standard Book Number | 978-621415-039-7 |
| 050 ## - LIBRARY OF CONGRESS CALL NUMBER | |
| Classification number | FIL P 95 |
| 050 ## - LIBRARY OF CONGRESS CALL NUMBER | |
| Item number | .B47 2016 |
| 100 ## - MAIN ENTRY--PERSONAL NAME | |
| Personal name | Bernardo, Ritchel B. |
| 245 #0 - TITLE STATEMENT | |
| Title | Oral communication / |
| 245 #0 - TITLE STATEMENT | |
| Statement of responsibility, etc | Ritchel B. Bernardo. |
| 260 ## - PUBLICATION, DISTRIBUTION, ETC. (IMPRINT) | |
| Place of publication, distribution, etc | Philippines : |
| 260 ## - PUBLICATION, DISTRIBUTION, ETC. (IMPRINT) | |
| Name of publisher, distributor, etc | JFS Publishing, |
| 260 ## - PUBLICATION, DISTRIBUTION, ETC. (IMPRINT) | |
| Date of publication, distribution, etc | 2016 |
| 300 ## - PHYSICAL DESCRIPTION | |
| Extent | 159 pages : |
| 300 ## - PHYSICAL DESCRIPTION | |
| Other physical details | illustrations ; |
| 300 ## - PHYSICAL DESCRIPTION | |
| Dimensions | 26 cm. |
| 500 ## - GENERAL NOTE | |
| General note | Includes bibliographical references. |
| 650 ## - SUBJECT ADDED ENTRY--TOPICAL TERM | |
| Topical term or geographic name as entry element | Oral communication -- Philippines. |
| 650 ## - SUBJECT ADDED ENTRY--TOPICAL TERM | |
| General subdivision | Public speaking. |
| Withdrawn status | Lost status | Damaged status | Home library | Current library | Shelving location | Date acquired | Cost, normal purchase price | Total Checkouts | Full call number | Barcode | Date last seen | Price effective from | Koha item type |
|---|---|---|---|---|---|---|---|---|---|---|---|---|---|
| South Mansfield College | South Mansfield College | Filipiniana Section | 02/16/2017 | 457.20 | FIL P 95 .B47 2016 | SMC06119 | 05/23/2018 | 05/23/2018 | Books |